日本の市制さかのぼりクイズ(1960年~1999年) - Statistics

General Stats
  • This quiz has been taken 9 times
  • The average score is 64 of 134
Answer Stats
市制施行日 都道府県 市名 頭文字 % Correct
1997/04/01 京都府 京田辺市
83%
1996/09/01 北海道 北広島市 k
83%
1996/09/01 北海道 石狩市 i
83%
1999/04/01 兵庫県 篠山市
67%
1996/04/01 埼玉県 吉川市
67%
1996/04/01 千葉県 印西市
67%
1995/09/01 茨城県 鹿嶋市
67%
1994/10/01 愛知県 日進市
67%
1992/04/01 千葉県 八街市
67%
1991/10/01 大阪府 阪南市
67%
1991/10/01 奈良県 香芝市
67%
1972/10/01 京都府 長岡京市 n
67%
1972/10/01 京都府 向日市 m
67%
1997/10/01 福岡県 古賀市
50%
1992/10/01 福岡県 前原市
50%
1991/11/01 東京都 羽村市
50%
1991/10/01 埼玉県 日高市
50%
1991/09/01 埼玉県 鶴ヶ島市
50%
1991/04/01 千葉県 袖ケ浦市
50%
1988/04/01 広島県 廿日市市
50%
1987/11/30 茨城県 つくば市
50%
1987/10/01 大阪府 大阪狭山市
50%
1986/10/01 埼玉県 幸手市
50%
1986/06/01 茨城県 牛久市
50%
1982/04/01 岐阜県 可児市
50%
1981/04/01 千葉県 浦安市 u
50%
1981/04/01 千葉県 四街道市 y
50%
1981/04/01 福岡県 宗像市
50%
1978/11/01 神奈川県 綾瀬市
50%
1977/11/01 京都府 八幡市
50%
1976/09/01 埼玉県 坂戸市
50%
1974/04/20 広島県 東広島市
50%
1972/10/01 埼玉県 蓮田市
50%
1972/10/01 愛媛県 東予市
50%
1972/08/01 愛知県 豊明市
50%
1972/05/05 東京都 秋川市
50%
1972/05/03 埼玉県 三郷市
50%
1972/05/03 京都府 城陽市
50%
1972/04/10 埼玉県 富士見市 f
50%
1972/04/10 埼玉県 上福岡市 k
50%
1972/04/01 北海道 伊達市
50%
1972/04/01 岩手県 二戸市
50%
1972/04/01 秋田県 鹿角市
50%
1972/04/01 茨城県 岩井市
50%
1972/04/01 神奈川県 南足柄市
50%
1972/04/01 福岡県 小郡市 o
50%
1972/04/01 福岡県 筑紫野市 c
50%
1972/04/01 福岡県 春日市 k
50%
1972/04/01 福岡県 大野城市 o
50%
1972/01/15 埼玉県 八潮市
50%
1972/01/01 静岡県 湖西市
50%
1971/12/01 愛知県 岩倉市
50%
1971/12/01 沖縄県 糸満市
50%
1971/11/03 埼玉県 北本市
50%
1971/11/03 大阪府 交野市
50%
1971/11/01 宮城県 多賀城市 t
50%
1971/11/01 宮城県 泉市 i
50%
1971/11/01 宮城県 岩沼市 i
50%
1971/11/01 東京都 多摩市 t
50%
1971/11/01 東京都 稲城市 i
50%
1971/11/01 神奈川県 海老名市 e
50%
1971/11/01 神奈川県 座間市 z
50%
1971/11/01 奈良県 生駒市
50%
1971/09/01 千葉県 鎌ケ谷市 k
50%
1971/09/01 千葉県 富津市 f
50%
1971/04/01 岡山県 備前市
50%
1971/03/01 神奈川県 伊勢原市
50%
1971/01/01 静岡県 裾野市 s
50%
1971/01/01 静岡県 下田市 s
50%
1970/12/01 愛知県 知立市 c
50%
1970/12/01 愛知県 尾張旭市 o
50%
1970/12/01 愛知県 高浜市 t
50%
1970/12/01 宮崎県 えびの市
50%
1970/11/03 東京都 武蔵村山市
50%
1970/11/01 栃木県 黒磯市
50%
1970/11/01 新潟県 豊栄市
50%
1970/11/01 山口県 新南陽市
50%
1970/10/10 石川県 松任市
50%
1970/10/01 東京都 狛江市 k
50%
1970/10/01 東京都 東大和市 h
50%
1970/10/01 東京都 清瀬市 k
50%
1970/10/01 東京都 東久留米市 h
50%
1970/09/01 愛知県 大府市 o
50%
1970/09/01 愛知県 知多市 c
50%
1970/08/01 三重県 久居市
50%
1970/08/01 沖縄県 名護市
50%
1970/07/01 滋賀県 守山市
50%
1970/07/01 大阪府 泉南市 s
50%
1970/07/01 大阪府 四條畷市 s
50%
1970/07/01 沖縄県 浦添市
50%
1968/07/01 沖縄県 具志川市
50%
1967/04/01 山形県 南陽市
50%
1967/04/01 大分県 宇佐市
50%
1967/01/01 千葉県 流山市 n
50%
1967/01/01 東京都 国立市 k
50%
1967/01/01 東京都 田無市 t
50%
1967/01/01 東京都 保谷市 h
50%
1966/11/01 大阪府 摂津市 s
50%
1966/11/01 大阪府 高石市 t
50%
1966/11/01 大阪府 藤井寺市 f
50%
1964/11/03 東京都 国分寺市
50%
1964/04/01 東京都 東村山市
50%
1963/11/03 東京都 日野市
50%
1962/10/01 東京都 小平市
50%
1962/08/01 富山県 小矢部市
50%
1962/07/01 沖縄県 宜野湾市
50%
1961/04/01 長野県 佐久市
50%
1982/04/01 福岡県 太宰府市
33%
1971/11/01 北海道 亀田市
33%
1971/10/01 埼玉県 久喜市
33%
1971/09/01 千葉県 君津市 k
33%
1971/03/31 千葉県 鴨川市
33%
1970/11/03 埼玉県 桶川市
33%
1970/11/01 北海道 恵庭市
33%
1970/11/01 埼玉県 新座市
33%
1970/10/31 埼玉県 和光市
33%
1970/10/26 埼玉県 志木市
33%
1970/08/01 北海道 登別市
33%
1970/07/01 東京都 福生市
33%
1969/04/01 愛知県 東海市
33%
1967/04/01 兵庫県 加西市
33%
1967/01/01 千葉県 八千代市 y
33%
1966/10/01 埼玉県 戸田市
33%
1966/05/01 北海道 富良野市
33%
1963/08/01 大阪府 門真市
33%
1963/07/01 静岡県 浜北市
33%
1963/05/01 北海道 深川市
33%
1963/04/01 岐阜県 各務原市
33%
1970/10/01 茨城県 取手市
17%
1970/07/01 千葉県 我孫子市
17%
1967/03/15 埼玉県 朝霞市
17%
1967/03/01 埼玉県 鳩ヶ谷市
17%
1966/11/01 埼玉県 入間市
17%
1963/05/01 千葉県 市原市
17%
No matching quizzes found
Score Distribution
Percent of People with Each Score
Percentile by Number Answered
Your Score History
You have not taken this quiz